Association of morphological and RFLP markers in rice (Oryza sativa L.) (Record no. 54571)

MARC details
000 -LEADER
fixed length control field 00452nam a2200181Ia 4500
100 ## - MAIN ENTRY--AUTHOR NAME
Personal name Yu Z H
245 #0 - TITLE STATEMENT
Title Association of morphological and RFLP markers in rice (Oryza sativa L.)
260 ## - PUBLICATION, DISTRIBUTION, ETC. (IMPRINT)
Name of publisher Genome
Year of publication 1995
300 ## - PHYSICAL DESCRIPTION
Number of Pages 566-574
650 ## - SUBJECT ADDED ENTRY--TOPICAL TERM
Topical Term Linkage mapping
650 ## - SUBJECT ADDED ENTRY--TOPICAL TERM
Topical Term RFLP
700 ## - ADDED ENTRY--PERSONAL NAME
Personal name Kinoshita T
700 ## - ADDED ENTRY--PERSONAL NAME
Personal name McCouch S R
700 ## - ADDED ENTRY--PERSONAL NAME
Personal name Sato S
700 ## - ADDED ENTRY--PERSONAL NAME
Personal name Tanksley S D
942 ## - ADDED ENTRY ELEMENTS (KOHA)
Koha item type Journals
Holdings
Withdrawn status Lost status Damaged status Not for loan Home library Current library Shelving location Date acquired Serial Enumeration / chronology Koha item type
      Journals RRII Library RRII Library RFLP 18/10/1995 Volume 38, Issue 3 Journals